<?xml version="1.0" encoding="UTF-8"?>
<record
    xmlns:xsi="http://www.w3.org/2001/XMLSchema-instance"
    xsi:schemaLocation="http://www.loc.gov/MARC21/slim http://www.loc.gov/standards/marcxml/schema/MARC21slim.xsd"
    xmlns="http://www.loc.gov/MARC21/slim">

  <leader>00431    a2200157   4500</leader>
  <datafield tag="999" ind1=" " ind2=" ">
    <subfield code="c">454</subfield>
    <subfield code="d">454</subfield>
  </datafield>
  <controlfield tag="008">221229b           ||||| |||| 00| 0 eng d</controlfield>
  <datafield tag="020" ind1=" " ind2=" ">
    <subfield code="a">9788122430905</subfield>
  </datafield>
  <datafield tag="082" ind1="0" ind2="0">
    <subfield code="a">621.31</subfield>
    <subfield code="b">W122</subfield>
  </datafield>
  <datafield tag="100" ind1=" " ind2=" ">
    <subfield code="a">Wadhwa, C. L.</subfield>
    <subfield code="9">5407</subfield>
  </datafield>
  <datafield tag="245" ind1=" " ind2=" ">
    <subfield code="a">High voltage engineering /</subfield>
  </datafield>
  <datafield tag="250" ind1=" " ind2=" ">
    <subfield code="a">3rd ed.</subfield>
  </datafield>
  <datafield tag="260" ind1=" " ind2=" ">
    <subfield code="a">New Delhi: </subfield>
    <subfield code="b">New Age International Publishers,</subfield>
    <subfield code="c">2015.</subfield>
  </datafield>
  <datafield tag="300" ind1=" " ind2=" ">
    <subfield code="a">xii, 291 p.</subfield>
  </datafield>
  <datafield tag="650" ind1=" " ind2="0">
    <subfield code="a">High voltages</subfield>
  </datafield>
  <datafield tag="942" ind1=" " ind2=" ">
    <subfield code="2">ddc</subfield>
    <subfield code="c">BK</subfield>
  </datafield>
  <datafield tag="952" ind1=" " ind2=" ">
    <subfield code="0">0</subfield>
    <subfield code="1">0</subfield>
    <subfield code="2">ddc</subfield>
    <subfield code="4">0</subfield>
    <subfield code="6">621_310000000000000_W122</subfield>
    <subfield code="7">0</subfield>
    <subfield code="9">1677</subfield>
    <subfield code="a">CL</subfield>
    <subfield code="b">CL</subfield>
    <subfield code="d">2017-03-02</subfield>
    <subfield code="e">Jyoti, the Book People</subfield>
    <subfield code="l">1</subfield>
    <subfield code="o">621.31 W122</subfield>
    <subfield code="p">11964</subfield>
    <subfield code="r">2023-03-07</subfield>
    <subfield code="s">2023-03-03</subfield>
    <subfield code="y">BK</subfield>
  </datafield>
  <datafield tag="952" ind1=" " ind2=" ">
    <subfield code="0">0</subfield>
    <subfield code="1">0</subfield>
    <subfield code="2">ddc</subfield>
    <subfield code="4">0</subfield>
    <subfield code="6">621_310000000000000_W122</subfield>
    <subfield code="7">0</subfield>
    <subfield code="9">1678</subfield>
    <subfield code="a">CL</subfield>
    <subfield code="b">CL</subfield>
    <subfield code="d">2017-03-02</subfield>
    <subfield code="e">Jyoti, the Book People</subfield>
    <subfield code="o">621.31 W122</subfield>
    <subfield code="p">11965</subfield>
    <subfield code="r">2019-09-24</subfield>
    <subfield code="y">BK</subfield>
  </datafield>
  <datafield tag="952" ind1=" " ind2=" ">
    <subfield code="0">0</subfield>
    <subfield code="1">0</subfield>
    <subfield code="2">ddc</subfield>
    <subfield code="4">0</subfield>
    <subfield code="6">621_310000000000000_W122</subfield>
    <subfield code="7">0</subfield>
    <subfield code="9">1679</subfield>
    <subfield code="a">CL</subfield>
    <subfield code="b">CL</subfield>
    <subfield code="d">2017-03-02</subfield>
    <subfield code="e">Jyoti, the Book People</subfield>
    <subfield code="o">621.31 W122</subfield>
    <subfield code="p">11966</subfield>
    <subfield code="r">2019-09-24</subfield>
    <subfield code="y">BK</subfield>
  </datafield>
  <datafield tag="952" ind1=" " ind2=" ">
    <subfield code="0">0</subfield>
    <subfield code="1">0</subfield>
    <subfield code="2">ddc</subfield>
    <subfield code="4">0</subfield>
    <subfield code="6">621_310000000000000_W122</subfield>
    <subfield code="7">0</subfield>
    <subfield code="9">1680</subfield>
    <subfield code="a">CL</subfield>
    <subfield code="b">CL</subfield>
    <subfield code="d">2017-03-02</subfield>
    <subfield code="e">Jyoti, the Book People</subfield>
    <subfield code="o">621.31 W122</subfield>
    <subfield code="p">11967</subfield>
    <subfield code="r">2019-09-24</subfield>
    <subfield code="y">BK</subfield>
  </datafield>
  <datafield tag="952" ind1=" " ind2=" ">
    <subfield code="0">0</subfield>
    <subfield code="1">0</subfield>
    <subfield code="2">ddc</subfield>
    <subfield code="4">0</subfield>
    <subfield code="6">621_310000000000000_W122</subfield>
    <subfield code="7">0</subfield>
    <subfield code="9">1681</subfield>
    <subfield code="a">CL</subfield>
    <subfield code="b">CL</subfield>
    <subfield code="d">2017-03-02</subfield>
    <subfield code="e">Jyoti, the Book People</subfield>
    <subfield code="o">621.31 W122</subfield>
    <subfield code="p">11968</subfield>
    <subfield code="r">2019-09-24</subfield>
    <subfield code="y">BK</subfield>
  </datafield>
</record>
